Understanding Behavioral Finance (Record no. 12670)

MARC details
000 -LEADER
fixed length control field 00398nam a2200169 4500
003 - CONTROL NUMBER IDENTIFIER
control field OSt
008 - FIXED-LENGTH DATA ELEMENTS--GENERAL INFORMATION
fixed length control field 240508b |||||||| |||| 00| 0 eng d
020 ## - INTERNATIONAL STANDARD BOOK NUMBER
International Standard Book Number 9788131515440
082 ## - DEWEY DECIMAL CLASSIFICATION NUMBER
Classification number 332.6
Item number ACU
100 ## - MAIN ENTRY--PERSONAL NAME
Personal name ACKERT, Lucy F
245 ## - TITLE STATEMENT
Title Understanding Behavioral Finance
260 ## - PUBLICATION, DISTRIBUTION, ETC. (IMPRINT)
Place of publication, distribution, etc New Delhi
Name of publisher, distributor, etc Cengage
Date of publication, distribution, etc 2023
300 ## - PHYSICAL DESCRIPTION
Extent 348
650 ## - SUBJECT ADDED ENTRY--TOPICAL TERM
Topical term or geographic name as entry element MBA
700 ## - ADDED ENTRY--PERSONAL NAME
Personal name DEAVES, Richard
942 ## - ADDED ENTRY ELEMENTS (KOHA)
Source of classification or shelving scheme Dewey Decimal Classification
Koha item type Text Books
Holdings
Withdrawn status Lost status Source of classification or shelving scheme Damaged status Not for loan Collection code Home library Current library Date acquired Source of acquisition Currency Cost, normal purchase price Bill Number Total Checkouts Full call number Acc. no. / Barcode Date last seen Actual Cost, discounted price Bill Date Koha item type Checked out Date last borrowed
    Dewey Decimal Classification     MBA PIET C-LIBRARY PIET C-LIBRARY 23/03/2024 Zaffa Books and Distributors In Rupees 599.00 ZBD0463   332.6 ACU 36693 08/05/2024 431.28 23/03/2024 Reference Books    
    Dewey Decimal Classification     MBA PIET C-LIBRARY PIET C-LIBRARY 23/03/2024 Zaffa Books and Distributors In Rupees 599.00 ZBD0463   332.6 ACU 36694 08/05/2024 431.28 23/03/2024 Text Books    
    Dewey Decimal Classification     MBA PIET C-LIBRARY PIET C-LIBRARY 23/03/2024 Zaffa Books and Distributors In Rupees 599.00 ZBD0463   332.6 ACU 36695 08/05/2024 431.28 23/03/2024 Text Books    
    Dewey Decimal Classification     MBA PIET C-LIBRARY PIET C-LIBRARY 23/03/2024 Zaffa Books and Distributors In Rupees 599.00 ZBD0463 1 332.6 ACU 36696 29/01/2025 431.28 23/03/2024 Text Books 18/08/2025 29/01/2025

Design & Developed by: PIET Central Library
R70 Miles Stone Pattikalyana Samalkha Panipat 132102
mail ID :- [email protected], Phone No:- 0180-2569700 Ex.216